Our next-door neighbor (Record no. 3638)

MARC details
000 -CABECERA
campo de control de longitud fija 00689nam a2200229 a 4500
001 - NÚMERO DE CONTROL
campo de control BRCA_3911
005 - FECHA Y HORA DE LA ÚLTIMA TRANSACCIÓN
campo de control 20190320204454.0
008 - DATOS DE LONGITUD FIJA--INFORMACIÓN GENERAL
campo de control de longitud fija 120110s1875----nyua######---#000-0#eng-#
041 ## - CÓDIGO DE LENGUA
Código de lengua del texto/banda sonora o título independiente eng
044 ## - CÓDIGO DEL PAÍS DE LA ENTIDAD EDITORA/PRODUCTORA
Código MARC del país nyu
050 #4 - SIGNATURA TOPOGRÁFICA DE LA BIBLIOTECA DEL CONGRESO
Número de clasificación F1215
Número de documento/Ítem .H38 1875
100 1# - ENTRADA PRINCIPAL--NOMBRE DE PERSONA
Nombre de persona Haven, Gilbert.
9 (RLIN) 10166
245 10 - MENCIÓN DE TÍTULO
Título Our next-door neighbor
Resto del título a winter in Mexico
Mención de responsabilidad, etc. by Gilbert Haven.
260 ## - PUBLICACIÓN, DISTRIBUCIÓN, ETC.
Lugar de publicación, distribución, etc. New York
Nombre del editor, distribuidor, etc. Nelson & Phillips
Fecha de publicación, distribución, etc. 1875
300 ## - DESCRIPCIÓN FÍSICA
Extensión 467 p.
Otras características físicas il., retratos
Dimensiones 22 cm.
500 ## - NOTA GENERAL
Nota general Incluye apéndice de la A-D e índice de ilustraciones p. 15-16.
500 ## - NOTA GENERAL
Nota general C59
650 14 - PUNTO DE ACCESO ADICIONAL DE MATERIA--TÉRMINO DE MATERIA
Término de materia o nombre geográfico como elemento de entrada Viajeros estadounidenses
9 (RLIN) 7583
651 #4 - PUNTO DE ACCESO ADICIONAL DE MATERIA--NOMBRE GEOGRÁFICO
Nombre geográfico México
Subdivisión de forma Descripción y viajes.
9 (RLIN) 10167
902 ## - CATALOGADOR
Iniciales GFM
942 ## - ELEMENTOS DE PUNTO DE ACCESO ADICIONAL (KOHA)
Fuente del sistema de clasificación o colocación Library of Congress Classification
Tipo de ítem Koha Libros
Holdings
Estado de retiro Estado de pérdida Estado dañado No para préstamo Localización permanente Ubicación/localización actual Fecha de adquisición Número de inventario Total de préstamos Signatura topográfica completa Código de barras Fecha visto por última vez Precio válido a partir de Tipo de ítem Koha
El ejemplar forma parte de la colección y puede ser consultado según las políticas vigentes.       Biblioteca del Museo Franz Mayer (Rogerio Casas-Alatriste) Biblioteca del Museo Franz Mayer (Rogerio Casas-Alatriste) 09/01/2010 C59   F1215 .H38 1875 (C59) 3908 22/03/2019 22/03/2019 Libros